000 01791cam a2200325 i 4500
999 _c3865
_d3865
001 431878
003 OSt
005 20241112111751.0
008 240717t20222021enka j 000 1 eng d
020 _a9781035033553
_q(pbk.) :
035 _a(OCoLC)1334494548
040 _a臺東縣政府文化處
_beng
_c臺東縣政府文化處
_eAACR2
_dKH8
041 0 _aeng
042 _anbic
082 0 _a823.92 GRI
100 1 _aGriffiths, Andy,
_d1961-
_eaut.
245 1 4 _aThe 143-story treehouse /
_cby Andy Griffiths & Terry Denton.
246 3 _aOne hundred forty-three story treehouse.
260 _aLondon :
_bMacmillan Children's Books,
_c2022, c2021.
300 _a291 p. :
_bill. ;
_c20 cm.
500 _a"Camping trip chaos!"--Cover.
500 _aFirst published as The 143-Storey Treehouse in Australia by Pan Macmillan Australia Pty Ltd.
520 _a"Andy and Terry live in a 143-story treehouse. (It used to be a 130-story treehouse, but they built another thirteen stories.) Andy's been a bit stressed out lately, so Terry decides the perfect way to relax would be to head up to their new camping ground level for a much-needed vacation. But it turns out to be not quite as relaxing as planned. Terry forgets to pack the tent and the food, their attempt at fishing ends in disaster, the spooky campfire stories are a little too spooky and then, to make matters worse, all of Andy's fellow campers start mysteriously disappearing. Can Andy brave the dark, dark woods and rescue them in time to finish writing their next book?"--Provided by publisher.
650 0 _aTree houses
_vJuvenile fiction.
650 0 _aImagination
_vJuvenile fiction.
650 0 _aCamping
_vJuvenile fiction.
650 0 _aHumorous stories.
700 1 _aDenton, Terry,
_eill.
942 _2ddc
_cFIC